| 000 | 00444nam a22001697a 4500 | ||
|---|---|---|---|
| 005 | 20260213115427.0 | ||
| 008 | 260213b xxu||||| |||| 00| 0 eng d | ||
| 040 | _aRBU-Library | ||
| 041 | _aEnglish | ||
| 082 |
_a330.954 _bB565 |
||
| 100 |
_aBettelheim, Charles _91159 |
||
| 245 | _aIndia independent | ||
| 260 |
_aNew York : _bMonthly Review Press, _c1971 |
||
| 300 | _a410 p. | ||
| 650 |
_aPolitical economy - India _91160 |
||
| 942 | _cDB | ||
| 999 |
_c123404 _d123404 |
||